23 عاما دراسة في السيرة النبوية / (Record no. 6988)
[ view plain ]
| 000 -الفاتح | |
|---|---|
| حقل البيانات ثابتة الطول | 00721nac a22001811u 4500 |
| 008 - عناصر البيانات ثابتة الطول - معلومات عامة | |
| حقل البيانات ثابتة الطول | 100811t2004 ua|||||r|||| 001 0dara d |
| 082 ## - رقم تصنيف ديوى العشرى | |
| رقم التصنيف | 239 |
| رقم المادة | د ش ت |
| 100 ## - المدخل الرئيسى - إسم شخصى | |
| الإسم الشخصى | الدشتي ، علي |
| 9 (RLIN) | 17451 |
| 245 ## - بيان العنوان | |
| العنوان | 23 عاما دراسة في السيرة النبوية / |
| بيان المسئوليه,etc | علي الدشتي؛ ترجمة ثائر ديب |
| 260 ## - PUBLICATION, DISTRIBUTION, ETC. (IMPRINT) | |
| مكان الناشر او الموزع | دمشق : |
| اسم الناشر او الموزع | 2004، بترا للنشر والتوزيع |
| تاريخ النشر أو التوزيع | 2004 |
| 300 ## - الوصف المادى | |
| التعداد | 287ص؛ |
| أبعاد الوعاء | 24 سم. |
| 511 ## - | |
| -- | Catalogued by: Sara |
| 650 ## - المدخل الاضافى بالموضوع-مصطلح موضوعى | |
| مصطلح موضوعي أو اسم جغرافي كعنصر مدخل | الإسراء والمعراج |
| 9 (RLIN) | 22340 |
| 650 ## - المدخل الاضافى بالموضوع-مصطلح موضوعى | |
| مصطلح موضوعي أو اسم جغرافي كعنصر مدخل | زوجات النبى |
| 9 (RLIN) | 8738 |
| 650 ## - المدخل الاضافى بالموضوع-مصطلح موضوعى | |
| مصطلح موضوعي أو اسم جغرافي كعنصر مدخل | السيرة النبوية |
| 9 (RLIN) | 22341 |
| التقسيم الفرعي العام | الهجرة إلى المدينة |
| 700 ## - المدخل الاضافى - اسم شخصى | |
| الإسم الشخصى | ديب ، ثائر |
| 9 (RLIN) | 17452 |
| 942 ## - عناصر المدخل الإضافي( كوها) | |
| Koha [default] item type | Book - Borrowing |
| سابقة رقم الطلب | 239 د ش ت |
| مصدر التصنيف او مخطط الترفيف | Dewey Decimal Classification |
| حالة التراجع | حالة الفقد | مصدر التصنيف او خطة الترفيف | حالة تلف | ليس للاعارة | مجموعات كوها | المكان الدائم | المكان الحالي | موقع الترفيف | تاريخ الاكتساب | Source of acquisition | رقم الاستدعاء | الباركود | Date last seen | نوع الوعاء |
|---|---|---|---|---|---|---|---|---|---|---|---|---|---|---|
| Dewey Decimal Classification | Alef-Baa | Central Library | Central Library | Lower Floor | 11/08/2010 | 239 د ش ت | 000008581 | 15/07/2025 | Book - Borrowing |